000 01533cam a22004215a 4500
001 16907262
003 OSt
005 20140310181950.0
008 110806s1996 nyu j 000 1 eng d
010 _a 2011290737
015 _aGB97-X1035
020 _a0671001876 (pbk.)
020 _a9780671001872 (pbk.)
035 _a(OCoLC)ocm35998004
040 _aEXR
_cEXR
_dSLC
_dOCL
_dUKM
_dOCLCQ
_dBAKER
_dBTCTA
_dSINLB
_dBYP
_dDLC
042 _alccopycat
050 0 0 _aPZ 7
_b.St859 1996
082 0 4 _aKF
_bSt5gf #15
100 1 _aRoos, Stephen.
_94245
245 1 0 _aFright Christmas /
_cStine, R.L.
260 _aNew York :
_bPocket Books,
_cc1996.
300 _a107 p. ;
_c19 cm.
490 1 _aR.L. Stine's Ghosts of Fear Street ;
_v15
500 _a"A Parachute Press book."
500 _a"A Minstrel book."
520 _aKenny is out to ruin everyone's Christmas until he is locked in a department store on Christmas Eve, where he is visited by three of the most frightening ghosts on Fear Street.
541 _j1
562 _efor circulation. 1 copy in the collection
650 0 _aChristmas stories.
_93694
650 0 _aHorror stories
_vJuvenile fiction.
_94249
650 1 _aHorror stories.
_93825
655 7 _aGhost stories.
_2gsafd
_94248
710 2 _aCopyright Paperback Collection (Library of Congress)
_5DLC
_9705
830 0 _aR.L. Stine's Ghosts of Fear Street ;
_v15.
_94250
906 _a0
_bibc
_ccopycat
_d2
_encip
_f20
_gy-genrareb
942 _2lcc
_cBK-KF
_kKF
999 _c7847
_d7847